000 00316nam a22001457a 4500
008 210426b ||||| |||| 00| 0 eng d
020 _a9780135137666
041 _aeng
080 _25th
_a004
082 _a004
100 _a28
101 _aSHKI
245 _aTechnology un Action
_cAlan Evans
942 _2udc
_cBK
999 _c56789
_d56789